000
00313nam a2200121Ia 4500
008
220204s9999 xx 000 0 und d
082
_a
575.8
_b
EVO.6
245
0
_a
Evolutionary biology. V 6
260
_a
New York
_b
Plenum
_c
1972
650
_a
Evolutionary biology
700
_a
DOBZHANSKY, Theodosius
942
_c
BK
999
_c
34427
_d
34427